<?xml version="1.0" encoding="UTF-8"?><?xml-stylesheet type="text/xsl" href="static/style.xsl"?><OAI-PMH xmlns="http://www.openarchives.org/OAI/2.0/" xmlns:xsi="http://www.w3.org/2001/XMLSchema-instance" xsi:schemaLocation="http://www.openarchives.org/OAI/2.0/ http://www.openarchives.org/OAI/2.0/OAI-PMH.xsd"><responseDate>2026-04-18T13:31:21Z</responseDate><request verb="GetRecord" identifier="oai:riubu.ubu.es:10259/11511" metadataPrefix="marc">https://riubu.ubu.es/oai/request</request><GetRecord><record><header><identifier>oai:riubu.ubu.es:10259/11511</identifier><datestamp>2026-04-15T00:05:37Z</datestamp><setSpec>com_10259_9423</setSpec><setSpec>com_10259_5087</setSpec><setSpec>com_10259_2728</setSpec><setSpec>col_10259_9447</setSpec></header><metadata><record xmlns="http://www.loc.gov/MARC21/slim" xmlns:doc="http://www.lyncode.com/xoai" xmlns:xsi="http://www.w3.org/2001/XMLSchema-instance" xmlns:dcterms="http://purl.org/dc/terms/" xsi:schemaLocation="http://www.loc.gov/MARC21/slim http://www.loc.gov/standards/marcxml/schema/MARC21slim.xsd">
<leader>00925njm 22002777a 4500</leader>
<datafield tag="042" ind1=" " ind2=" ">
<subfield code="a">dc</subfield>
</datafield>
<datafield tag="720" ind1=" " ind2=" ">
<subfield code="a">Ortega Renuncio, Raúl</subfield>
<subfield code="e">author</subfield>
</datafield>
<datafield tag="520" ind1=" " ind2=" ">
<subfield code="a">El electroencefalograma (EEG) es una tecnología fundamental&#xd;
en neurociencia que permite registrar la actividad eléctrica cerebral&#xd;
de manera no invasiva. Sin embargo, el volumen masivo de datos&#xd;
generado por los sistemas de registro de EEG presenta desafíos&#xd;
significativos. El procesamiento eficaz de estos datos crudos requiere la&#xd;
implementación de pipelines robustos que integren preprocesamiento,&#xd;
procesamiento y análisis, junto con herramientas computacionales&#xd;
avanzadas y conocimientos en técnicas de análisis de datos que no&#xd;
siempre están disponibles en todos los contextos de investigación&#xd;
clínica. Además, la falta de estandarización en los procedimientos&#xd;
de preprocesamiento ha sido históricamente un obstáculo para la&#xd;
comparabilidad y replicabilidad de estudios.&#xd;
Este Trabajo Fin de Grado se enfoca en el desarrollo de un&#xd;
pipeline integral de preprocesamiento y procesamiento de datos EEG&#xd;
crudos, recogidos en un estudio específico, con el objetivo de facilitar&#xd;
el análisis automatizado y reutilizable de estos datos. La solución se&#xd;
materializa en una aplicación interactiva que permitirá democratizar&#xd;
el acceso a estos análisis complejos, facilitando a investigadores sin&#xd;
conocimientos profundos en programación la visualización (cómo&#xd;
puede ser la topografía cerebral), procesamiento e interpretación de&#xd;
datos de EEG de forma intuitiva e integrada.&#xd;
Se espera que este pipeline establezca una herramienta práctica&#xd;
y accesible para el análisis de EEG que combine rigor metodológico&#xd;
con usabilidad, proporcionando resultados reproducibles y permitiendo a profesionales e investigadores optimizar sus análisis según sus&#xd;
necesidades particulares.</subfield>
</datafield>
<datafield tag="520" ind1=" " ind2=" ">
<subfield code="a">The electroencephalogram (EEG) is a fundamental technology in&#xd;
neuroscience that enables non-invasive recording of brain electrical&#xd;
activity. However, the massive volume of data generated by EEG&#xd;
recording systems presents significant challenges. Effective processing&#xd;
of raw data requires the implementation of robust pipelines that&#xd;
integrate preprocessing, processing, and analysis, along with advanced&#xd;
computational tools and data analysis techniques not always available&#xd;
in all clinical research contexts. Furthermore, the historical lack of&#xd;
standardization in preprocessing procedures has been a barrier to&#xd;
study comparability and reproducibility.&#xd;
This Final Degree Project focuses on developing a comprehensive&#xd;
pipeline for preprocessing and processing of raw EEG data collected&#xd;
in a specific study, with the aim of facilitating automated and reusable&#xd;
analysis of this data. The solution will be materialized in an interactive&#xd;
application that will democratize access to complex analyses, enabling&#xd;
researchers without deep programming knowledge to visualize (how&#xd;
brain topography can be), process, and interpret EEG data in an&#xd;
intuitive and integrated manner.&#xd;
This pipeline is expected to establish a practical and accessible&#xd;
tool for EEG analysis that combines methodological rigor with usability, providing reproducible results and enabling professionals and&#xd;
researchers to optimize their analyses according to their particular&#xd;
needs.</subfield>
</datafield>
<datafield tag="024" ind2=" " ind1="8">
<subfield code="a">https://hdl.handle.net/10259/11511</subfield>
</datafield>
<datafield ind1=" " ind2=" " tag="653">
<subfield code="a">Electroencefalograma (EEG)</subfield>
</datafield>
<datafield ind1=" " ind2=" " tag="653">
<subfield code="a">Interfaz cerebro computador</subfield>
</datafield>
<datafield ind1=" " ind2=" " tag="653">
<subfield code="a">Pipeline</subfield>
</datafield>
<datafield ind1=" " ind2=" " tag="653">
<subfield code="a">Procesamiento de datos</subfield>
</datafield>
<datafield ind1=" " ind2=" " tag="653">
<subfield code="a">Análisis automatizado</subfield>
</datafield>
<datafield ind1=" " ind2=" " tag="653">
<subfield code="a">Reproducibilidad</subfield>
</datafield>
<datafield ind1=" " ind2=" " tag="653">
<subfield code="a">Visualización interactiva</subfield>
</datafield>
<datafield ind1=" " ind2=" " tag="653">
<subfield code="a">Electroencephalogram (EEG)</subfield>
</datafield>
<datafield ind1=" " ind2=" " tag="653">
<subfield code="a">Brain computer interface</subfield>
</datafield>
<datafield ind1=" " ind2=" " tag="653">
<subfield code="a">Data processing</subfield>
</datafield>
<datafield ind1=" " ind2=" " tag="653">
<subfield code="a">Automated analysis</subfield>
</datafield>
<datafield ind1=" " ind2=" " tag="653">
<subfield code="a">Reproducibility</subfield>
</datafield>
<datafield ind1=" " ind2=" " tag="653">
<subfield code="a">Interactive visualization</subfield>
</datafield>
<datafield tag="245" ind1="0" ind2="0">
<subfield code="a">Preprocesado y procesado de señales de electroencefalograma (EEG)</subfield>
</datafield>
</record></metadata></record></GetRecord></OAI-PMH>